书目信息 |
| 题名: |
苏州生态文明建设与区域生态文明实践
|
|
| 作者: | 李勤 主编 | |
| 分册: | ||
| 出版信息: | 北京 首都经济贸易大学出版社 2022.03 |
|
| 页数: | 267页 | |
| 开本: | 26cm | |
| 丛书名: | ||
| 单 册: | ||
| 中图分类: | X321.253.3 | |
| 科图分类: | ||
| 主题词: | 区域生态环境--qu yu sheng tai huan jing--生态环境建设--成就--苏州 | |
| 电子资源: | ||
| ISBN: | 978-7-5638-3344-3 | |
| 000 | 01274nam0 2200217 450 | |
| 001 | 25289 | |
| 005 | 20220918174427.35 | |
| 010 | @a978-7-5638-3344-3@dCNY78.00 | |
| 100 | @a20220816d2022 em y0chiy50 ea | |
| 101 | 0 | @achi |
| 102 | @aCN@b110000 | |
| 105 | @aa z 000yy | |
| 200 | 1 | @a苏州生态文明建设与区域生态文明实践@Asu zhou sheng tai wen ming jian she yu qu yu sheng tai wen ming shi jian@f李勤主编 |
| 210 | @a北京@c首都经济贸易大学出版社@d2022.03 | |
| 215 | @a267页@c彩图@d26cm | |
| 330 | @a生态文明是人类文明发展理念、道路和模式的重大进步, 是人类社会可持续发展的必然结果。苏州市始终坚持以习近平总书记生态文明建设重要战略思想为引领, 牢固树立“绿水青山就是金山银山”理念, 持续深化生态文明示范区建设。至今, 苏州市建成国家级生态文明建设示范县区6个, 省级生态文明建设示范县区5个, 省级生态文明建设示范镇 (街道) 56个、示范村 (社区) 64个 ; 全力打造太湖生态岛, 出台《苏州市太湖生态岛条例》 ; 制定了苏州市“十四五”期间的生态文明建设规划。本书汇集了苏州市生态文明建设取得的成绩, 展示了苏州各区域生态文明建设的实践经验和亮点工程, 示范引领全市生态文明建设。 | |
| 606 | 0 | @a区域生态环境@Aqu yu sheng tai huan jing@x生态环境建设@x成就@y苏州 |
| 690 | @aX321.253.3@v5 | |
| 701 | 0 | @a李勤@Ali qin@4主编 |
| 801 | 0 | @aCN@c20220910 |
| 905 | @a河南城建学院图书馆@dX321.253.3@eL235@f1 | |
| 苏州生态文明建设与区域生态文明实践/李勤主编.-北京:首都经济贸易大学出版社,2022.03 |
| 267页:彩图;26cm |
| ISBN 978-7-5638-3344-3:CNY78.00 |
| 生态文明是人类文明发展理念、道路和模式的重大进步, 是人类社会可持续发展的必然结果。苏州市始终坚持以习近平总书记生态文明建设重要战略思想为引领, 牢固树立“绿水青山就是金山银山”理念, 持续深化生态文明示范区建设。至今, 苏州市建成国家级生态文明建设示范县区6个, 省级生态文明建设示范县区5个, 省级生态文明建设示范镇 (街道) 56个、示范村 (社区) 64个 ; 全力打造太湖生态岛, 出台《苏州市太湖生态岛条例》 ; 制定了苏州市“十四五”期间的生态文明建设规划。本书汇集了苏州市生态文明建设取得的成绩, 展示了苏州各区域生态文明建设的实践经验和亮点工程, 示范引领全市生态文明建设。 |
| ● |
| 相关链接 |
|
|
|
正题名:苏州生态文明建设与区域生态文明实践
索取号:X321.253.3/L235
 
预约/预借
| 序号 | 登录号 | 条形码 | 馆藏地/架位号 | 状态 | 备注 |
| 1 | 1576120 | 215761209 | 自科库501/501自科库 66排3列2层/ [索取号:X321.253.3/L235] | 在馆 |